| 000 | 00616nam a22001697a 4500 | ||
|---|---|---|---|
| 005 | 20250812113841.0 | ||
| 008 | 250812b |||||||| |||| 00| 0 eng d | ||
| 041 | _aeng | ||
| 082 |
_21st _aGNM U00119 |
||
| 100 |
_a3rd Year GNM _9208212 |
||
| 245 | _aTo assess the effectiveness of lukewarm water compress on breast engorgement among postnatal mothers admitted in selected govenment hospital of pune city | ||
| 250 | _a1st | ||
| 260 |
_aPune _bMksssbtine _c2023-2024 |
||
| 300 |
_a101 _bpb _cspiral binding |
||
| 521 | _a3rd Year GNM Group Study Report(6th) Project Report Guide: Shailaja Mathews | ||
| 942 | _cPR | ||
| 999 |
_c367274 _d367274 |
||